| 000 | 00429nam a2200133Ia 4500 | ||
|---|---|---|---|
| 008 | 170516s9999 xx 000 0 und d | ||
| 245 | 2 | _aA Disposable Microfluidic Device for Controlled Drug Release from Thermal-Sensitive Liposomes by High Intensity Focused Ultrasound | |
| 260 | _bTheranostics | ||
| 260 | _c2015 | ||
| 300 | _a5:11 | ||
| 650 | _xMedical Technology | ||
| 650 | _xMedtech | ||
| 856 | _uhttp://www.thno.org/v5i11 | ||
| 999 |
_c329915 _d329915 |
||